Investigación para la Conservación y Manejo de las Aves Rapaces (Falconiformes y Strigiformes (Registro nro. 18027)

Detalles MARC
000 -CABECERA
Campo de control 00678nam a22002297a 4500
005 - FECHA Y HORA DE LA ULTIMA TRANSACCION
Campo de control 20191224042234.0
008 - ELEMENTOS DE LONGITUD FIJA—INFORMACION GENERAL
Campo de control 160126b xxu||||| |||| 00| 0 spa d
040 ## - FUENTE DE CATALOGACIÓN
Agencia catalogadora original CO-BoIAVH
Agencia transcriptora CO-BoIAVH
041 ## - IDIOMA
Código de idioma para texto/pista de sonido o título separado Español
044 ## - PAÍS DE PUBLICACIÓN
País de publicación Colombia
090 ## - CLASIFICACIÓN LOCAL
Colección IAVH
Consecutivo 01608
100 1# - ASIENTO PRINCIPAL--NOMBRE PERSONAL
Nombre personal Marquez, Cesar
9 (RLIN) 2724
245 1# - MENCION DE TITULO
Título Investigación para la Conservación y Manejo de las Aves Rapaces (Falconiformes y Strigiformes
260 ## - PUBLICACION, DISTRIBUCION, ETC. (PIE DE IMPRENTA)
Lugar de publicación, distribución, etc. [s. i.]:
Nombre del editor, distribuidor, etc. Instituto Humboldt,
Fecha de publicación, distribución, etc. 2003.
300 ## - DESCRIPCION FISICA
Extensión 19 Paginas
650 #6 - ASIENTO SECUNDARIO DE MATERIA - TERMINO TEMATICO
Término temático o nombre geográfico como elemento de entrada Aves rapaces
9 (RLIN) 96144
650 #6 - ASIENTO SECUNDARIO DE MATERIA - TERMINO TEMATICO
Término temático o nombre geográfico como elemento de entrada Falconiformes
9 (RLIN) 5255
650 #6 - ASIENTO SECUNDARIO DE MATERIA - TERMINO TEMATICO
Término temático o nombre geográfico como elemento de entrada Strigiformes
9 (RLIN) 24938
650 #6 - ASIENTO SECUNDARIO DE MATERIA - TERMINO TEMATICO
Término temático o nombre geográfico como elemento de entrada Biología Molecular
9 (RLIN) 54697
700 ## - ASIENTO SECUNDARIO - NOMBRE PERSONAL
Nombre personal Car
9 (RLIN) 54690
942 ## - ELEMENTOS ADICIONALES (KOHA)
Sistema de clasificación Local
Tipo de ítem Informe Técnico
Existencias
Withdrawn status Lost status Sistema de Clasificación Damaged status No para préstamo Colección Inventariado Ubicación Permanente Ubicación actual Fecha de adquisición Total Checkouts Número topográfico Inventario / Código de Barras Date last seen Ejemplar Price effective from Forma de adquisición Tipo de material
    Local     Humboldt Inventariado 2017 Bogotá Bogotá 26/01/2016   IAVH-01608 024735 09/08/2024 Ej. 1 26/01/2016 Institucional Informe Técnico